000 00471nam a2200169Ia 4500
003 GCL
008 140319s9999 xx 000 0 eng d
040 _aGCL /
_cGCL
082 0 4 _a747.7
_bO H
100 1 _aOSBORNE, LIZ
245 1 0 _aHOME STYLE: A ROOM - BY - ROOM A GUIDE TO GIVING YOUR HOME A NEW LOOK /
_cOSBORNE, LIZ
260 _a[S.N] :
_bWARD LOCK ،
_c1996
300 _a191 P
650 0 4 _aHOME DECORATION
650 0 4 _aINTERIOR DECORATION
942 _2ddc
_cBK
999 _c13243
_d13243